| 000 | 00457nam a2200133 a 4500 | ||
|---|---|---|---|
| 008 | 120416s1972 ||||||||||||||||| || u | ||
| 050 | _aHG 221 Ein | ||
| 100 | _aEinzig, Paul | ||
| 245 | 1 | 2 | _aA textbook on monetary policy |
| 260 |
_aLondon _bMacmillan _c1972 |
||
| 300 | _axi, 461p. | ||
| 350 | _a0.00 | ||
| 995 |
_D0.00 _FCBU-MAIN LIBRARY (Kitwe) _H1 _I6.50 _M1 _UAVAILABLE _ZAnnex Low-Usage Collection |
||
| 999 |
_c59704 _d59704 |
||